00768cam a22002173a 45000010005000000030006000050050017000110080041000280400015000690420007000840500007000911000037000982450193001352600029003285060030003575160020003876530033004076530041004408300028004818560041005094889PGUSA20140828083110.0040101s2004||||xxu|||||s|||||000 | eng d aPGUSAbeng adc 4aDH1 aMotley, John Lothrop,d1814-187710aLife and Death of John of Barneveld, Advocate of Holland :bwith a view of the primary causes and movements of the Thirty Years' War, 1610c-12h[electronic resource] /cJohn Lothrop Motley bProject Gutenberg,c2004 aPublic domain in the USA. aElectronic text aThirty Years' War, 1618-1648 aOldenbarnevelt, Johan van, 1547-1619 0aProject Gutenbergv488940uhttp://www.gutenberg.org/ebooks/4889